| 000 | 01389nam a2200361Ii 4500 | ||
|---|---|---|---|
| 001 | DIGDOCEC0284 | ||
| 003 | NyNyDIG | ||
| 006 | m o d | ||
| 007 | cr ||||||||||| | ||
| 008 | 250404s2022 sp o 000 f spa d | ||
| 035 | _a(OCoLC)1513491645 | ||
| 040 |
_aDGITA _beng _erda _epn _cDGITA |
||
| 020 | _z9788497444316 | ||
| 050 | 1 | 4 | _aPQ6706.E7573 ebook |
| 100 | 1 |
_aFernández, Ubaldo _q(Fernández Díaz), _eauthor. |
|
| 245 | 1 | 0 |
_aFilosofía para decir y dar que decir / _cUbaldo Fernández. |
| 264 | 1 |
_aAranjuez (Madrid) : _bEdiciones Doce Calles, _c[2022] |
|
| 300 | _a1 online resource. | ||
| 336 |
_atext _btxt _2rdacontent |
||
| 337 |
_acomputer _bc _2rdamedia |
||
| 338 |
_aonline resource _bcr _2rdacarrier |
||
| 347 |
_atext file _2rdaft |
||
| 347 | _bPDF | ||
| 588 | 0 | _aOnline resource; title from PDF title page (Digitalia, viewed April 4, 2025) | |
| 650 | 0 |
_aPhilosophy _vFiction. |
|
| 655 | 7 |
_aFiction. _2lcgft |
|
| 791 | 2 |
_aDigitalia (Firm), _edistributor. |
|
| 793 | 0 |
_gDigitalia eBook Collection: _aEdiciones Doce Calles |
|
| 776 | 0 | 8 |
_iPrint version: _aFernández, Ubaldo (Fernández Díaz). _tFilosofía para decir y dar que decir. _b1a edición. _dAranjuez (Madrid) : Ediciones Doce Calles, [2022] _z9788497444316 |
| 856 | 4 | 0 |
_3Digitalia Hispánica _uhttps://www.digitaliapublishing.com/a/171266/ |
| 910 | _aPremium collection: 2025 | ||
| 942 | _cRAA | ||
| 999 |
_c290788 _d290788 |
||